000
00318nam a22001457a 4500
008
221111b ||||| |||| 00| 0 eng d
020
_a
9780804725620
041
_a
eng
080
_a
32
082
_a
32 GAL
100
_a
32.1
101
_a
JURE
245
_a
THE DISUNITY OF SCIENCE
_c
GALISON P
942
_2
udc
_c
BK
999
_c
58856
_d
58856